Electric Machinery / (Record no. 88)
[ view plain ]
| 000 -LEADER | |
|---|---|
| fixed length control field | 00852nac a22002651u 4500 |
| 008 - FIXED-LENGTH DATA ELEMENTS--GENERAL INFORMATION | |
| fixed length control field | 080908s2003 mau|||||r|||| 001 0 eng d |
| 010 ## - LIBRARY OF CONGRESS CONTROL NUMBER | |
| LC control number | 2002070988 |
| 020 ## - INTERNATIONAL STANDARD BOOK NUMBER | |
| International Standard Book Number | 0073660094 |
| 020 ## - INTERNATIONAL STANDARD BOOK NUMBER | |
| International Standard Book Number | 0071121935 |
| 020 ## - INTERNATIONAL STANDARD BOOK NUMBER | |
| International Standard Book Number | 0073660094 |
| 020 ## - INTERNATIONAL STANDARD BOOK NUMBER | |
| International Standard Book Number | 0071230106 |
| 082 00 - DEWEY DECIMAL CLASSIFICATION NUMBER | |
| Classification number | 621.31042 |
| Item number | FIT |
| Edition number | 22 |
| 100 ## - MAIN ENTRY--PERSONAL NAME | |
| Personal name | Fitzgerald, A. E. |
| 9 (RLIN) | 9233 |
| 245 10 - TITLE STATEMENT | |
| Title | Electric Machinery / |
| Statement of responsibility, etc | A.E. Fitzgerald, Charles Kingsley, Jr., Stephen D. Umans. |
| 250 ## - EDITION STATEMENT | |
| Edition statement | 6th ed. |
| 260 ## - PUBLICATION, DISTRIBUTION, ETC. (IMPRINT) | |
| Place of publication, distribution, etc | Boston, Mau. : |
| Name of publisher, distributor, etc | McGraw-Hill, |
| Date of publication, distribution, etc | c2003. |
| 300 ## - PHYSICAL DESCRIPTION | |
| Extent | xv, 688 p. : |
| Other physical details | ill. |
| Dimensions | 24 cm. |
| 490 #0 - Series Statement | |
| Series statement | McGraw-Hill series in electrical engineering. |
| 500 ## - GENERAL NOTE | |
| General note | One copy Distributed by Bacca. |
| 500 ## - GENERAL NOTE | |
| General note | Includes index |
| 650 #0 - SUBJECT ADDED ENTRY--TOPICAL TERM | |
| Topical term or geographic name as entry element | Electric machinery. |
| 9 (RLIN) | 9234 |
| 700 1# - ADDED ENTRY--PERSONAL NAME | |
| Personal name | Kingsley, Charles, |
| Dates associated with a name | 1904- |
| 9 (RLIN) | 9235 |
| 700 1# - ADDED ENTRY--PERSONAL NAME | |
| Personal name | Umans, Stephen D. |
| 9 (RLIN) | 9236 |
| 942 ## - ADDED ENTRY ELEMENTS (KOHA) | |
| Item type | Book - Borrowing |
| Call number prefix | 621.31042 FIT |
| Source of classification or shelving scheme | Dewey Decimal Classification |
| Withdrawn status | Item status | Source of classification or shelving scheme | Damaged status | Not for loan | Vendor | Home library | Current library | Shelving location | Date acquired | Source of acquisition | Cost, normal purchase price | Total Checkouts | Total Renewals | Full call number | Barcode | Date last seen | Date last borrowed | Cost, replacement price | Koha item type |
|---|---|---|---|---|---|---|---|---|---|---|---|---|---|---|---|---|---|---|---|
| Dewey Decimal Classification | Central Library | Central Library | First floor | 20/12/2005 | 228.40 | 4 | 20 | 621.31042 FIT | 000004692 | 15/07/2025 | 03/10/2016 | 285.50 | Book - Borrowing | ||||||
| Dewey Decimal Classification | Central Library | Central Library | First floor | 20/12/2005 | 228.40 | 7 | 34 | 621.31042 FIT | 000002331 | 15/07/2025 | 03/10/2016 | 285.50 | Book - Borrowing | ||||||
| Dewey Decimal Classification | Central Library | Central Library | First floor | 08/02/2017 | 228.40 | 3 | 44 | 621.31042 FIT | 000009494 | 15/07/2025 | 16/04/2016 | 285.50 | Book - Borrowing | ||||||
| Dewey Decimal Classification | Central Library | Central Library | First floor | 20/12/2005 | 228.40 | 13 | 63 | 621.31042 FIT | 000006039 | 15/07/2025 | 05/12/2017 | 285.50 | Book - Borrowing | ||||||
| Dewey Decimal Classification | Central Library | Central Library | First floor | 08/02/2017 | 228.40 | 11 | 15 | 621.31042 FIT | 000009595 | 15/07/2025 | 25/03/2012 | 285.50 | Book - Borrowing | ||||||
| Dewey Decimal Classification | Central Library | Central Library | First floor | 08/02/2017 | 228.40 | 3 | 18 | 621.31042 FIT | 000009496 | 15/07/2025 | 04/12/2017 | 285.50 | Book - Borrowing | ||||||
| Dewey Decimal Classification | Central Library | Central Library | First floor | 08/09/2008 | 228.40 | 6 | 17 | 621.31042 FIT | 000013513 | 15/07/2025 | 01/11/2018 | 285.50 | Book - Borrowing | ||||||
| Dewey Decimal Classification | Baccah | Central Library | Central Library | First floor | 08/11/2009 | 228.40 | 11 | 47 | 621.31042 FIT | 000018933 | 15/07/2025 | 22/10/2017 | 285.50 | Book - Borrowing | |||||
| Dewey Decimal Classification | Baccah | Central Library | Central Library | First floor | 08/11/2009 | 228.40 | 621.31042 FIT | 000018932 | 15/07/2025 | 285.50 | NB - Book (Non borrowing) | ||||||||
| Dewey Decimal Classification | Central Library | Central Library | First floor | 28/04/2011 | 228.40 | 5 | 10 | 621.31042 FIT | 000006146 | 15/07/2025 | 05/05/2012 | 285.50 | Book - Borrowing |